000 01081cam a22003374a 4500
001 43481734
003 OCoLC
005 20220202085720.0
008 000209s2000 enk b 001 0 eng
010 _a00023025
020 _a0521561310
020 _a0521567688 (pbk.)
040 _aDLC
_cDLC
_dUKM
_dC#P
_dOBE
_dEXN
042 _apcc
049 _aEXNs
100 1 _aClark, Stephen R. L.
245 1 0 _aBiology and Christian ethics
_h[electronic resource] /
_cStephen R.L. Clark.
260 _aCambridge, U.K. ;
_aNew York :
_bCambridge University Press,
_c2000.
300 _axv, 332 p. ;
_c22 cm.
336 _atext
337 _acomputer
338 _aonline resource
440 0 _aNew studies in Christian ethics ;
_v17.
504 _aIncludes bibliographical references and index.
650 0 _aChristian ethics.
650 0 _aBiology
_xReligious aspects
_xChristianity.
650 0 _aEthics, Evolutionary.
655 _aelectronic books
856 _uhttps://drive.google.com/file/d/1DqaIOAGkzRPqK7PNIetUsajl4CH3w9Qc/view?usp=sharing
942 _2lcc
_cEBK
999 _c51280
_d51280